01016nas a2200241Ia 4500001001100000003000900011008004100020040001300061040001300074041001300087100004500100210001700145222001700162245018300179250001100362260002900373501008600402300001800488500018100506650003600687700002200723700002900745R035/H9990IT-RoPAU151124c99999999xx |||||||||||| ||und|| aIT-RoPAU cIT-RoPAU aITALIANO aAvondola CarlogCodice Aut. SPICS: 35015 aSEGNO CINEMA aSegno Cinema aSEGNOSPECIALE: INSIDE MY EYES. LA CRISI DELLO SGUARDO NELL'IMMAGINE-CINEMA CONTEMPORANEObSegnospeciale: Inside My Eyes. La Crisi Dello Sguardo Nell'Immagine-Cinema Contemporaneo a1a ed. aVICENZAbCINEFORUMc2010 bPaulus - SPICS - Società San Paolo EM (non-commercial uses only)cCopyright2015 a23 p. [13-35] aSpazio Ansioso (Filmografia Essenziale). Misteri della Guerra (Filmografiaessenziale). Terra Acqua Fuoco (Filmografia Essenziale). Trionfo della Morte (Filmografia Essenziale). aCINEMAvPUBBLICAZIONE PERIODICA aGarofalo Marcello gCodice Aut. SPICS: 27361